=LDR 00000nam 2200000 4500 =001 INLIS000000000027319 =005 20130612125714 =008 ***********************************Ind** =035 ##$$0010-061300000027319 =041 ##$$a Ind =082 ##$$a 306.7 =090 ##$$a 306.7, Dia p =100 ##$$a DIANAWATI, Ajen =245 ##$$a Pendidikan seks untuk remaja:Pengetahuan populer remaja, Ajen Dianawati ; Penyunting, Tajudin =260 ##$$a 2006 $b Jakarta =300 ##$$a vii,123 hlm, ilus, 23 cm =650 ##$$a REMAJA-TINGKAH LAKU SEKSUAL =700 ##$$a TAJUDIN =850 ##$$a NBPNMAT